Statistics for Guess the Taylor Swift Song 3

Click here to take the quiz!

General Stats

  • This quiz has been taken 71 times
  • The average score is 216 of 331

Answer Stats

Answer% Correct
a
99%
I
97%
you
97%
You
97%
me
96%
the
94%
my
91%
On
91%
on
91%
an
90%
In
90%
in
90%
be
88%
Is
88%
is
88%
(is
88%
it
88%
It
88%
we
88%
What
88%
where
88%
And
87%
To
87%
(to
87%
to
87%
when
87%
of
85%
That
84%
that
84%
for
82%
go
82%
all
79%
(all
79%
I'm
79%
This
79%
this
79%
was
79%
were
79%
not
76%
one
76%
so
76%
there
76%
But
75%
but
75%
can
75%
(can
75%
(If
75%
could
72%
just
72%
would
72%
been
70%
had
70%
I've
70%
(can't
69%
Can't
69%
(Out
63%
out
63%
think
63%
couldn't
61%
now)
61%
we'll
61%
will
61%
Oh
60%
things
57%
down
55%
bad
54%
went
54%
(Evermore)
52%
(evermore)
52%
evermore
52%
Evermore
52%
get
52%
wouldn't
52%
does
49%
thought
49%
light
48%
remember
48%
(or
46%
Or
46%
pain
46%
Catching
45%
catching
45%
wrong
45%
breath
43%
feeling
43%
July
43%
peculiar
43%
find
42%
since
42%
sure
42%
Trying
42%
used
42%
days)
40%
days
40%
fight
40%
November
40%
Put
40%
again
39%
again)
39%
Gray
39%
moment
39%
through
39%
window
39%
December
37%
each
37%
footsteps
37%
lost
37%
real
37%
step
37%
very
37%
death
36%
open
36%
stone
36%
Barefoot
34%
capture
34%
cost)
34%
cost
34%
cross?)
34%
cross?
34%
crossed
34%
double
34%
letters
34%
Motion
34%
Staring
34%
winter
34%
Writing
34%
dreamed
33%
fire
33%
line
33%
pause
33%
pause?
33%
pause?)
33%
replay
33%
stepping
33%
Addressed
31%
certain
31%
cracks
31%
Guess
31%
Hey
31%
shipwrecked
31%
under
31%
wildest
31%
being
30%
rewind
30%
Sending
30%
signals
30%
swear
30%
weather
30%
frost)
28%
frost
28%
tall
28%
tape
28%
unmoored
28%
creaking
27%
tossed)
27%
tossed
27%
violence
27%
waves
27%
(whether
27%
Whether
27%
cabin
25%
enough
25%
dog
24%
Floors
22%
costs)
19%

Score Distribution

Percentile by Number Answered

Percent of People with Each Score

Your Score History

You have not taken this quiz